| 000 | 00750nam a22002537a 4500 | ||
|---|---|---|---|
| 005 | 20170123162329.0 | ||
| 010 | _aA-442589 | ||
| 020 | _c30.00 | ||
| 035 | _aA-442589 | ||
| 037 | _bCen Lib/Ret | ||
| 040 |
_aDPL _bUR |
||
| 082 |
_a841 _bآ ف ر |
||
| 100 |
_aآفریدی ، اقبال _9112478 |
||
| 245 |
_aتنویر غزل / _cاقبال آفریدی |
||
| 246 |
_aTanveer ghazal / _bby Iqbal Afridi |
||
| 260 |
_aدہلی _bاقبال آفریدی _c1988 |
||
| 270 | _bدہلی | ||
| 300 |
_a190p. _c20cm(Hb) |
||
| 650 |
_a ادب - اردو _9120472 |
||
| 650 |
_a اردو شاعری _9120473 |
||
| 650 |
_aLiterature -- Urdu _9120474 |
||
| 650 |
_aUrdu poetry _9120475 |
||
| 942 |
_2ddc _cUR _h841 _mآ ف ر |
||
| 999 |
_c107634 _d107634 |
||